000
00306nam a2200121Ia 4500
005
20260326100032.0
008
260326s9999||||xx |||||||||||||| ||und||
100
_a
Balfour, Alan
245
0
_a
Creating a new parliament /
_c
Alan Balfour
260
_b
Finlay Brown
650
_a
ARQUITECTURA CIVIL
942
_c
BK
999
_c
6643
_d
6643